Conceptos de Física moderna
Gorde:
| Egile nagusia: | |
|---|---|
| Formatua: | Liburua |
| Hizkuntza: | gaztelania |
| Argitaratua: |
Cuernavaca
McGraw-Hill
1970
|
| Edizioa: | 1a. ed |
| Gaiak: | |
| Etiketak: |
Etiketa erantsi
Etiketarik gabe, Izan zaitez lehena erregistro honi etiketa jartzen!
|
MARC
| LEADER | 00000nam a2200000 a 4500 | ||
|---|---|---|---|
| 001 | UCG1003 | ||
| 003 | CL-VaPUC | ||
| 008 | 100415e19700000MX |||||||||||||||||spa|d | ||
| 082 | 0 | 4 | |a 539 |b BEI |2 21 |
| 100 | 0 | |a Beiser, Arthur |e author |9 548732 | |
| 245 | 1 | 0 | |a Conceptos de Física moderna |
| 250 | |a 1a. ed | ||
| 300 | |a 410 p | ||
| 942 | |c BK | ||
| 945 | |d 20100415 00:00:00 |a dcastane | ||
| 260 | |a Cuernavaca |b McGraw-Hill |c 1970 | ||
| 650 | 0 | |a Física |9 227844 | |
| 650 | 0 | |a Ondas |9 260165 | |
| 650 | 7 | |a TEORIA DEL ATOMO |2 CL-VaPUC |9 356225 | |
| 650 | 0 | |a Estructura atómica |9 259944 | |
| 650 | 0 | |a Mecánica cuántica |9 306806 | |
| 650 | 0 | |a Sólidos |9 260188 | |
| 583 | |a last modification |c 20100415 00:00:00 |k Rodrigo Vera | ||
| 999 | |c 340484 |d 340482 | ||
| 952 | |0 0 |1 0 |4 0 |6 539_000000000000000_BEI_1970 |7 0 |8 A |9 435254 |a BIBCUR |b BIBCUR |d 2019-11-22 |i 4648277 |o 539 BEI 1970 |p 4648277 |r 2025-04-22 |w 2019-11-22 |y BK |k FIS | ||